000 00330 a2200157 4500
001 193015
020 _a978-85-418-1010-4
040 _cMagnum
100 _aMontoro, Suzana
240 1 0 _aNem eu nem outro
_lpor
245 1 0 _aNem eu nem outro
300 _a69
362 0 _a2015
697 _aLITERATURA JUVENIL
942 _cBK
999 _c193015
_d193015